| 000 | 02018cam a2200325 a 4500 | ||
|---|---|---|---|
| 999 |
_c6736 _d6736 |
||
| 003 | OSt | ||
| 005 | 20200703124539.0 | ||
| 008 | 060419s2005 ag r 000 0 spa d | ||
| 015 | _aNSN | ||
| 020 | _a9789588613161 | ||
| 040 |
_aCO-BoPUJ _cCO-JMCR |
||
| 041 | 0 | _aspa | |
| 082 | 0 | 4 |
_a338.98 _bO622b _221 |
| 100 | 1 |
_aOppenheimer, Andrés _d1951- _96633 |
|
| 245 | 1 | 2 |
_a¡Basta de historias! : _bla obsesión latinoamericana con el pasado y las 12 claves del futuro _cAndrés Oppenheimer |
| 250 | _aPrimera edición | ||
| 260 |
_aBogotá : _bEditorial Random House Mondadori : _bDebate, _c2010. |
||
| 300 |
_a442 páginas ; _c23 cm. |
||
| 490 | 0 | _aDebate | |
| 504 | _aIncluye referencias bibliográficas páginas 402-422. | ||
| 505 | 0 | _aHay que mirar para adelante -- Finalidad: los campeones del mundo -- Singapur: El país más globalizado -- India: ¿la nueva superpotencia mundial? -- Cuando China enseña capitalismo -- Israel: el país más star-ups -- Chile: Rumbo al primer mundo -- Brasil: una causa de todos -- Argentina: El país de las oportunidades perdidas -- Uruguay y Perú: una computadora para cada niño -- México: el reino de "la maestra" -- Venezuela y Colombia: caminos opuestos -- Las 12 claves del progreso | |
| 520 | 0 | _aLa educación es algo demasiado importante como para dejarla en manos de los gobiernos. ¡Basta de historias! es un agudo viaje periodístico alrededor del mundo, que aportan ideas útiles para trabajar en la principal asignatura pendiente de nuestros países y la única que nos podrá sacar de la mediocridad económica e intelectual en la que vivimos. | |
| 650 | 1 | 4 |
_aDesarrollo económico y social _zAmérica Latina _96634 |
| 650 | 2 | 4 |
_aEducación en valores _zAmérica Latina _96635 |
| 651 | 2 | 4 |
_aAmérica Latina _xCondiciones socioeconómicas _96636 |
| 651 | 2 | 4 |
_aAmérica Latina _xVida intelectual _96637 |
| 651 | 2 | 4 |
_aAmérica Latina _xPolítica y gobierno _xHistoria _96638 |
| 942 |
_2ddc _cBK |
||